[Event "Mundial Juvenil femenino 2005 s14"]
[Site "Belfort FRA"]
[Date "2005.07.28"]
[Round "9.19"]
[White "Jorgensen, Line Jin"]
[Black "Porat, Maya"]
[Result "0-1"]
[WhiteElo "1599"]
[BlackElo "1948"]
[PlyCount "72"]
[EventDate "2005.07.19"]
[EventType "swiss"]
[EventRounds "11"]
[EventCountry "FRA"]
[Source "lmi"]
[SourceDate "2005.07.31"]

1. e4 e5 2. f4 Bc5 3. Nf3 d6 4. Nc3 Nc6 5. Bb5 Bd7 6. Bxc6 Bxc6 7. fxe5 dxe5 8.
Qe2 Qd6 9. Nb5 Qe7 10. Qc4 Bb6 11. a4 a6 12. Nc3 Nf6 13. Rf1 O-O 14. d3 h6 15.
g3 Bd7 16. Nh4 Be6 17. Nf5 Qd7 18. Qb4 Ng4 19. Ne7+ Kh7 20. Ncd5 Nxh2 21. Nxb6
cxb6 22. Rh1 Nf3+ 23. Kf2 Nd4 24. Bxh6 gxh6 25. Qd2 Bh3 26. Nf5 Nxf5 27. Rxh3
Ne3 28. Rah1 Ng4+ 29. Kg2 Qe6 30. Rh5 Rg8 31. Rf5 Rg6 32. Qe2 Rag8 33. Rh4 Rg5
34. Qf3 Rxf5 35. exf5 Qc6 36. Rxg4 Rxg4 0-1

[Event "Mundial Juvenil femenino 2005 s14"]
[Site "Belfort FRA"]
[Date "2005.07.28"]
[Round "9.20"]
[White "Sanchez Delgado, Lidia"]
[Black "Orehek, Spela"]
[Result "1-0"]
[WhiteElo "1898"]
[BlackElo "1749"]
[PlyCount "49"]
[EventDate "2005.07.19"]
[EventType "swiss"]
[EventRounds "11"]
[EventCountry "FRA"]
[Source "lmi"]
[SourceDate "2005.07.31"]

1. e4 d6 2. d4 Nf6 3. f3 g6 4. c4 Bg7 5. Be3 Nbd7 6. Qd2 c6 7. Nc3 e5 8. d5 c5
9. Nb5 Qb6 10. a4 a6 11. a5 axb5 12. axb6 Rxa1+ 13. Kf2 bxc4 14. Bxc4 Nxb6 15.
Bb5+ Bd7 16. Bxd7+ Kxd7 17. Qe2 Na4 18. Qb5+ Kc7 19. Qa5+ b6 20. Qa7+ Kd8 21.
Qxf7 Nh5 22. g4 Rf8 23. Bg5+ Kc8 24. Qe6+ Kb8 25. Qxd6+ 1-0

[Event "Mundial Juvenil femenino 2005 s14"]
[Site "Belfort FRA"]
[Date "2005.07.29"]
[Round "10.2"]
[White "Guramishvili, Sopiko"]
[Black "Muzychuk, Mariya"]
[Result "1/2-1/2"]
[WhiteElo "2104"]
[BlackElo "2113"]
[PlyCount "86"]
[EventDate "2005.07.19"]
[EventType "swiss"]
[EventRounds "11"]
[EventCountry "FRA"]
[Source "lmi"]
[SourceDate "2005.07.31"]

1. d4 e6 2. c4 f5 3. g3 Nf6 4. Bg2 g6 5. Nf3 Bg7 6. O-O O-O 7. Nc3 d6 8. Re1
Ne4 9. Nxe4 fxe4 10. Ng5 d5 11. Be3 Nc6 12. Rc1 Bxd4 13. Nxe6 Bxe6 14. Bxd4
dxc4 15. Bc5 Rf5 16. Bh3 Rxc5 17. Bxe6+ Kg7 18. Bxc4 Qxd1 19. Rexd1 Rd8 20. Bb3
Rxc1 21. Rxc1 Rd7 22. Kf1 Nd4 23. Ba4 c6 24. Rc3 Kf6 25. Ke1 Rd5 26. b4 a5 27.
a3 axb4 28. axb4 Nb5 29. Bxb5 Rxb5 30. Rc4 Ke5 31. f3 exf3 32. exf3 Rd5 33.
Re4+ Kf6 34. Rh4 h5 35. Ke2 Re5+ 36. Kd3 Rf5 37. Ke3 Re5+ 38. Kd3 Ke6 39. Rc4
Re1 40. Re4+ Rxe4 41. Kxe4 b6 42. h4 Kf6 43. Kf4 Ke6 1/2-1/2

[Event "Mundial Juvenil femenino 2005 s14"]
[Site "Belfort FRA"]
[Date "2005.07.29"]
[Round "10.3"]
[White "Bodnaruk, Anastasia"]
[Black "Vojinovic, Jovana"]
[Result "1-0"]
[WhiteElo "2165"]
[BlackElo "1952"]
[PlyCount "58"]
[EventDate "2005.07.19"]
[EventType "swiss"]
[EventRounds "11"]
[EventCountry "FRA"]
[Source "lmi"]
[SourceDate "2005.07.31"]

1. e4 e6 2. d3 d5 3. Nd2 Nf6 4. Ngf3 Nc6 5. c3 a5 6. Qc2 e5 7. Be2 h6 8. O-O
Bc5 9. h3 O-O 10. Rd1 Re8 11. Nf1 b6 12. a3 d4 13. b4 Bf8 14. b5 Na7 15. c4 Nd7
16. N3h2 Be7 17. f4 f6 18. f5 Nc5 19. a4 c6 20. g4 Kh7 21. Nf3 Bb7 22. Ng3 Rc8
23. Qb1 cxb5 24. axb5 Ra8 25. Nd2 Nc8 26. h4 Nd6 27. Nb3 Nxb3 28. Qxb3 Rf8 29.
Bd2 Bc8 1-0

[Event "Mundial Juvenil femenino 2005 s14"]
[Site "Belfort FRA"]
[Date "2005.07.29"]
[Round "10.4"]
[White "Kharisma, Irine"]
[Black "Kulon, Klaudia"]
[Result "1-0"]
[WhiteElo "2010"]
[BlackElo "2069"]
[PlyCount "63"]
[EventDate "2005.07.19"]
[EventType "swiss"]
[EventRounds "11"]
[EventCountry "FRA"]
[Source "lmi"]
[SourceDate "2005.07.31"]

1. e4 e5 2. Nf3 Nc6 3. Bc4 Nf6 4. Ng5 d5 5. exd5 Na5 6. Bb5+ c6 7. dxc6 bxc6 8.
Qf3 Rb8 9. Bd3 h6 10. Ne4 Nd5 11. O-O g6 12. Nbc3 Bg7 13. b4 Nxb4 14. Ba3 f5
15. Rab1 Qe7 16. Na4 fxe4 17. Bxe4 c5 18. Bxg6+ Kd8 19. Bxb4 cxb4 20. Qd5+ Qd7
21. Qxa5+ Ke7 22. Rxb4 Rxb4 23. Qxb4+ Kf6 24. Nc5 Qc7 25. Bh5 Kg5 26. Bf3 Bf8
27. Ne4+ Kg6 28. Qb3 Be7 29. Bh5+ Kf5 30. g4+ Kxe4 31. Qd3+ Kf4 32. Qe3# 1-0

[Event "Mundial Juvenil femenino 2005 s14"]
[Site "Belfort FRA"]
[Date "2005.07.29"]
[Round "10.5"]
[White "Pon, N. Krithika"]
[Black "Ramya, Krishna I"]
[Result "0-1"]
[WhiteElo "2007"]
[BlackElo "2165"]
[PlyCount "220"]
[EventDate "2005.07.19"]
[EventType "swiss"]
[EventRounds "11"]
[EventCountry "FRA"]
[Source "lmi"]
[SourceDate "2005.07.31"]

1. e4 e5 2. Nf3 Nc6 3. Bb5 a6 4. Ba4 Nf6 5. O-O Nxe4 6. d4 b5 7. Bb3 d5 8. dxe5
Be6 9. c3 Bc5 10. Nbd2 O-O 11. Bc2 Nxf2 12. Rxf2 f6 13. exf6 Bxf2+ 14. Kxf2
Qxf6 15. Kg1 Bg4 16. Nf1 Bxf3 17. Qxf3 Qxf3 18. gxf3 Rxf3 19. Bb3 Rd8 20. Bg5
Rd6 21. Rd1 Rf5 22. Be3 Na5 23. Ng3 Rf7 24. Bc5 Rd8 25. Bxd5 Kh8 26. Rd4 Rfd7
27. Bf3 Nc4 28. Bg4 Ne5 29. Bxd7 Nf3+ 30. Kf2 Nxd4 31. Bxd4 Rxd7 32. b4 Re7 33.
Nf1 h5 34. Ne3 Kh7 35. Kf3 g5 36. h3 Kg6 37. a3 Rf7+ 38. Kg2 c6 39. Kg1 Rf4 40.
Kg2 g4 41. hxg4 hxg4 42. Bc5 Re4 43. Kg3 Kh5 44. Ng2 Kg5 45. Be3+ Kf5 46. Nh4+
Ke6 47. Bd4 Re2 48. Kxg4 Ra2 49. Kf4 Rxa3 50. Ke4 a5 51. bxa5 Rxa5 52. Nf3 Ra4
53. Ng5+ Kd6 54. Kd3 Kd5 55. Ne4 Ra3 56. Nf6+ Ke6 57. Bc5 Ra4 58. Ne4 Rc4 59.
Bd4 Kd5 60. Nf6+ Kd6 61. Ne4+ Ke7 62. Nc5 Kd6 63. Nb7+ Kd5 64. Na5 Ra4 65. Nb3
Ra3 66. Kc2 Ra2+ 67. Kd3 Rb2 68. Nd2 c5 69. c4+ bxc4+ 70. Nxc4 Rb4 71. Ne3+ Kc6
72. Bc3 Rh4 73. Bf6 Rh3 74. Ke2 Kb5 75. Kf2 c4 76. Nd5 Kc5 77. Nc3 Kb4 78. Ne4
Kb3 79. Kg2 Re3 80. Nd2+ Kb4 81. Nb1 Re6 82. Bd4 Rd6 83. Be5 Rd5 84. Bh8 Rd1
85. Nc3 Rd3 86. Ne2 Rd8 87. Bc3+ Kb3 88. Kf2 Rf8+ 89. Ke1 Re8 90. Bg7 Kc2 91.
Kf2 Re7 92. Bh8 Kd2 93. Nc3 Rf7+ 94. Kg3 Rf8 95. Be5 Ke3 96. Kg4 Kd3 97. Nd1
Ke4 98. Bb2 Rg8+ 99. Kh5 Rg2 100. Bc3 Rg1 101. Nf2+ Kf5 102. Kh4 Rc1 103. Ba5
c3 104. Nd3 Rh1+ 105. Kg3 c2 106. Bb4 Rd1 107. Nf2 Rg1+ 108. Kh2 c1=Q 109. Nd3
Rh1+ 110. Kg2 Qe3 0-1

[Event "Mundial Juvenil femenino 2005 s14"]
[Site "Belfort FRA"]
[Date "2005.07.29"]
[Round "10.6"]
[White "Melekhina, Alisa"]
[Black "Yu, Moqi"]
[Result "1-0"]
[WhiteElo "2163"]
[BlackElo "1599"]
[PlyCount "147"]
[EventDate "2005.07.19"]
[EventType "swiss"]
[EventRounds "11"]
[EventCountry "FRA"]
[Source "lmi"]
[SourceDate "2005.07.31"]

1. e4 c5 2. Nc3 d6 3. g3 g6 4. Bg2 Bg7 5. d3 e6 6. Nge2 Nc6 7. O-O Nge7 8. f4
Rb8 9. Be3 Nd4 10. Qd2 b5 11. Nd1 O-O 12. c3 Nxe2+ 13. Qxe2 b4 14. Qc2 a5 15.
Nf2 a4 16. d4 cxd4 17. Bxd4 Bxd4 18. cxd4 Qa5 19. Qd2 Ba6 20. Rfc1 Rfc8 21.
Rxc8+ Rxc8 22. Bf1 Bxf1 23. Rxf1 Rc4 24. Rd1 Nc6 25. d5 Rd4 26. Qc2 Rxd1+ 27.
Qxd1 exd5 28. exd5 Ne7 29. Ne4 f5 30. Nf6+ Kf7 31. Nxh7 Qc5+ 32. Kf1 Qc4+ 33.
Qe2 Qxd5 34. Ng5+ Ke8 35. Qf3 Qc4+ 36. Kg2 Qc2+ 37. Qf2 Qc5 38. Qe2 Qd5+ 39.
Kh3 Qxa2 40. Qb5+ Kd8 41. Qxb4 Kc7 42. Qc3+ Nc6 43. Qg7+ Kb6 44. Qc3 d5 45. Ne6
Qc4 46. Qg7 d4 47. Qc7+ Ka6 48. Nxd4 Qf1+ 49. Kh4 Nxd4 50. Qd6+ Kb5 51. Qxd4
Qc4 52. Qe5+ Kb4 53. Kg5 Kb3 54. Kxg6 Qc2 55. Qb5+ Ka2 56. h4 Qd1 57. Kf6 Kb1
58. Qe5 Ka2 59. Kxf5 Qh5+ 60. Kf6 Qh8+ 61. Ke7 Qh7+ 62. Kd6 Qc2 63. h5 Kb1 64.
Ke6 Qc6+ 65. Kf5 Qd7+ 66. Kg5 Qd8+ 67. Kg4 Qd1+ 68. Kh4 Qd8+ 69. Kh3 Qd7+ 70.
f5 Qf7 71. g4 Qb3+ 72. Kh4 Qg8 73. h6 Qf8 74. g5 1-0

[Event "Mundial Juvenil femenino 2005 s14"]
[Site "Belfort FRA"]
[Date "2005.07.29"]
[Round "10.7"]
[White "Le, Hoan Tran Chau"]
[Black "Skinke, Katrina"]
[Result "1/2-1/2"]
[WhiteElo "1599"]
[BlackElo "2100"]
[PlyCount "161"]
[EventDate "2005.07.19"]
[EventType "swiss"]
[EventRounds "11"]
[EventCountry "FRA"]
[Source "lmi"]
[SourceDate "2005.07.31"]

1. d4 Nf6 2. Nf3 g6 3. c4 Bg7 4. Nc3 O-O 5. e4 d6 6. Be2 Nbd7 7. O-O e5 8. Bg5
c6 9. d5 h6 10. Bh4 g5 11. Bg3 Qe7 12. Nd2 Nh7 13. Bg4 Nc5 14. Bxc8 Raxc8 15.
Qf3 cxd5 16. Nxd5 Qd8 17. Ne3 Ne6 18. Nf5 Nf6 19. Rfd1 Nd4 20. Nxd4 exd4 21.
Qa3 a6 22. Bxd6 Re8 23. f3 Rc6 24. Bg3 Nh5 25. Qd3 Nxg3 26. hxg3 Be5 27. Nf1
Qc7 28. Rac1 b5 29. b3 Rc8 30. Nd2 Bxg3 31. Rc2 Rd8 32. b4 Bf4 33. c5 Be3+ 34.
Kh1 Qg3 35. Nf1 Qh4+ 36. Nh2 h5 37. Qe2 Bf4 38. g3 Bxg3 39. Kg1 Bf4 40. Nf1 g4
41. fxg4 hxg4 42. Qf2 Qxf2+ 43. Kxf2 Be5 44. Rd3 Kg7 45. Kg2 Rdc8 46. Ng3 Rh8
47. Nf5+ Kf6 48. Kg1 Rd8 49. Rcd2 a5 50. a3 axb4 51. axb4 Rc7 52. Rd1 Ra7 53.
c6 Rc7 54. Nxd4 Bxd4+ 55. Rxd4 Rxd4 56. Rxd4 Rxc6 57. Rd5 Rb6 58. Kf2 Re6 59.
Rf5+ Kg6 60. Rxb5 Rxe4 61. Kg3 f5 62. Rb8 Re3+ 63. Kf4 Rf3+ 64. Ke5 g3 65. b5
Rb3 66. Kf4 Kh7 67. Rb7+ Kh6 68. Rb6+ Kg7 69. Rb7+ Kf8 70. Rb8+ Kf7 71. Rb7+
Kf6 72. Rb6+ Ke7 73. Rg6 Rxb5 74. Kxg3 Rb4 75. Ra6 Re4 76. Kf3 Re6 77. Rxe6+
Kxe6 78. Kf4 Kf6 79. Kf3 Ke5 80. Ke3 f4+ 81. Kf3 1/2-1/2

[Event "Mundial Juvenil femenino 2005 s14"]
[Site "Belfort FRA"]
[Date "2005.07.29"]
[Round "10.8"]
[White "Ramirez, Heimi"]
[Black "Guadamuro Torrente, Ana Isabel"]
[Result "0-1"]
[WhiteElo "1599"]
[BlackElo "2084"]
[PlyCount "54"]
[EventDate "2005.07.19"]
[EventType "swiss"]
[EventRounds "11"]
[EventCountry "FRA"]
[Source "lmi"]
[SourceDate "2005.07.31"]

1. d4 d5 2. c4 e6 3. Nc3 Nf6 4. Bg5 Be7 5. cxd5 exd5 6. e3 c6 7. Bd3 Nbd7 8.
Nge2 O-O 9. O-O Ne4 10. Bxe7 Qxe7 11. Bxe4 dxe4 12. Ng3 f5 13. d5 Ne5 14. Qb3
Kh8 15. dxc6 bxc6 16. Qc2 Qh4 17. Nce2 Ba6 18. Qc5 Rae8 19. Qxa7 Bxe2 20. Nxe2
Rf6 21. Qd7 Rh6 22. Rfd1 Qxh2+ 23. Kf1 Qh1+ 24. Ng1 Rh2 25. Ke2 Qxg2 26. Rf1
Nd3 27. Kd2 Nxf2 0-1

[Event "Mundial Juvenil femenino 2005 s14"]
[Site "Belfort FRA"]
[Date "2005.07.29"]
[Round "10.9"]
[White "Smith, Hazel"]
[Black "Zaichenko, Daria"]
[Result "1-0"]
[WhiteElo "2023"]
[BlackElo "2023"]
[PlyCount "65"]
[EventDate "2005.07.19"]
[EventType "swiss"]
[EventRounds "11"]
[EventCountry "FRA"]
[Source "lmi"]
[SourceDate "2005.07.31"]

1. e4 e5 2. Nf3 Nc6 3. Nc3 Nf6 4. d4 exd4 5. Nxd4 g6 6. Bg5 h6 7. Bh4 g5 8. Bg3
Bg7 9. Nf5 Bf8 10. e5 d6 11. Nxd6+ cxd6 12. exf6 Qxf6 13. Nb5 Qxb2 14. Rb1 Qxa2
15. Nc7+ Kd7 16. Nxa8 f5 17. f4 Bg7 18. Bb5 Re8+ 19. Kf2 Bd4+ 20. Kf1 b6 21.
Bf2 Ba6 22. Bxd4 Bxb5+ 23. Rxb5 Nxd4 24. Qxd4 Qxc2 25. Re5 Rxa8 26. Re1 b5 27.
Rd1 Qc4+ 28. Qxc4 bxc4 29. Ke2 Kc6 30. Rd4 d5 31. Rhd1 Rd8 32. Rxc4+ Kb5 33.
Rc2 1-0

[Event "Mundial Juvenil femenino 2005 s14"]
[Site "Belfort FRA"]
[Date "2005.07.29"]
[Round "10.10"]
[White "Dudas, Eszter"]
[Black "Genzling, Sylvie"]
[Result "0-1"]
[WhiteElo "2000"]
[BlackElo "1968"]
[PlyCount "76"]
[EventDate "2005.07.19"]
[EventType "swiss"]
[EventRounds "11"]
[EventCountry "FRA"]
[Source "lmi"]
[SourceDate "2005.07.31"]

1. e4 c5 2. c3 d5 3. exd5 Qxd5 4. d4 Nf6 5. Nf3 Nc6 6. Be3 cxd4 7. cxd4 e6 8.
Nc3 Qd6 9. a3 Be7 10. Bd3 O-O 11. O-O b6 12. Rc1 Bb7 13. Qd2 Rfd8 14. Rfd1 Rac8
15. Bb1 Bf8 16. Bg5 Ne7 17. Bxf6 gxf6 18. Qd3 Ng6 19. Nh4 Qf4 20. Nxg6 hxg6 21.
Ne2 Qg5 22. f3 Rxc1 23. Rxc1 e5 24. Rc7 Ba8 25. Ba2 Bd5 26. Bxd5 Rxd5 27. Qc4
exd4 28. f4 Qf5 29. g3 d3 30. Nc3 d2 31. Nd1 Bc5+ 32. Kg2 g5 33. Qe2 Rd8 34.
fxg5 fxg5 35. Qf3 Qe6 36. b4 g4 37. Qf4 Qd5+ 38. Kf1 Qh1+ 0-1

[Event "Mundial Juvenil femenino 2005 s14"]
[Site "Belfort FRA"]
[Date "2005.07.29"]
[Round "10.11"]
[White "Savola, Laura"]
[Black "Khoo, Selina"]
[Result "1/2-1/2"]
[WhiteElo "1599"]
[BlackElo "2006"]
[PlyCount "89"]
[EventDate "2005.07.19"]
[EventType "swiss"]
[EventRounds "11"]
[EventCountry "FRA"]
[Source "lmi"]
[SourceDate "2005.07.31"]

1. d4 d5 2. c4 c6 3. Nc3 dxc4 4. a4 Nf6 5. Nf3 Bf5 6. e3 e6 7. Bxc4 Bb4 8. O-O
O-O 9. Qb3 Qe7 10. Ne5 a5 11. Bd3 Rd8 12. Bxf5 exf5 13. Ne2 Nbd7 14. Nf3 Ne4
15. Rd1 c5 16. Nf4 Nb6 17. Qd3 Rac8 18. Qe2 c4 19. Qc2 g5 20. Ne2 Nd5 21. Ng3
Nxg3 22. hxg3 Qf6 23. e4 fxe4 24. Bxg5 Qg7 25. Qxe4 f6 26. Bf4 Qf7 27. Qf5 Re8
28. Nh4 Kh8 29. Qg4 Rg8 30. Qf3 c3 31. bxc3 Rxc3 32. Rd3 Nxf4 33. gxf4 Rxd3 34.
Qxd3 Qh5 35. Nf5 Qg4 36. g3 Qxf4 37. Kf1 Qc7 38. Rd1 Qc6 39. Kg1 Qxa4 40. Rc1
Qd7 41. d5 Rd8 42. Ne3 Qd6 43. Qf5 Qe5 44. Qg4 Rg8 45. Qf3 1/2-1/2

[Event "Mundial Juvenil femenino 2005 s14"]
[Site "Belfort FRA"]
[Date "2005.07.29"]
[Round "10.12"]
[White "Iordanidou, Zoi"]
[Black "Vetrila, Sanda"]
[Result "1/2-1/2"]
[WhiteElo "1992"]
[BlackElo "1924"]
[PlyCount "47"]
[EventDate "2005.07.19"]
[EventType "swiss"]
[EventRounds "11"]
[EventCountry "FRA"]
[Source "lmi"]
[SourceDate "2005.07.31"]

1. e4 c5 2. Nf3 e6 3. Be2 Nc6 4. O-O Nf6 5. Nc3 d6 6. d4 cxd4 7. Nxd4 a6 8. Be3
Be7 9. f4 O-O 10. Bf3 Qc7 11. Nde2 b5 12. Ng3 Bb7 13. f5 Ne5 14. Kh1 b4 15.
Nce2 exf5 16. exf5 Nxf3 17. gxf3 Rac8 18. Nd4 Nd5 19. Bc1 Bf6 20. Nh5 Be5 21.
Qd3 Qe7 22. f6 Bxf6 23. Nf5 Qe5 24. Nhxg7 1/2-1/2

[Event "Mundial Juvenil femenino 2005 s14"]
[Site "Belfort FRA"]
[Date "2005.07.29"]
[Round "10.14"]
[White "Erdos, Boglarka"]
[Black "Rysbayeva, Algerim"]
[Result "0-1"]
[WhiteElo "1981"]
[BlackElo "1599"]
[PlyCount "116"]
[EventDate "2005.07.19"]
[EventType "swiss"]
[EventRounds "11"]
[EventCountry "FRA"]
[Source "lmi"]
[SourceDate "2005.07.31"]

1. e4 e5 2. Nf3 Nc6 3. d4 exd4 4. Nxd4 Bc5 5. Nxc6 Qf6 6. Qd2 dxc6 7. Bd3 Be6
8. Qf4 h6 9. O-O O-O-O 10. Nc3 g5 11. Qxf6 Nxf6 12. Na4 Bd4 13. c3 Bxc3 14.
Nxc3 Rxd3 15. f4 g4 16. f5 Bc4 17. Rf4 Ba6 18. Kf2 Rg8 19. e5 g3+ 20. hxg3 Ng4+
21. Rxg4 Rxg4 22. Bf4 Bc4 23. Rh1 Rd4 24. Bxh6 Bd3 25. f6 Bc4 26. Be3 Rd8 27.
b3 Be6 28. Ne2 Rdg8 29. Bf4 c5 30. Nc3 c4 31. b4 Rd8 32. Rd1 Rxd1 33. Nxd1 Rg8
34. Nc3 Rd8 35. Ne4 b6 36. Ng5 Kd7 37. Nf3 c5 38. bxc5 bxc5 39. Be3 Rc8 40. Ke2
c3 41. Kd3 Bxa2 42. g4 Be6 43. g5 a5 44. Kxc3 a4 45. Bc1 Rb8 46. Nd2 Kc6 47.
Nf3 a3 48. g6 a2 49. Bb2 fxg6 50. Ng5 Kd7 51. Ne4 Rb5 52. Nd6 Ra5 53. Ba1 Ra3+
54. Kd2 Rg3 55. Ne4 Rxg2+ 56. Kc3 Kc6 57. Nd6 Rf2 58. Ne8 Rf1 0-1

[Event "Mundial Juvenil femenino 2005 s14"]
[Site "Belfort FRA"]
[Date "2005.07.29"]
[Round "10.15"]
[White "Porat, Maya"]
[Black "Schut, Donna"]
[Result "1-0"]
[WhiteElo "1948"]
[BlackElo "1599"]
[PlyCount "92"]
[EventDate "2005.07.19"]
[EventType "swiss"]
[EventRounds "11"]
[EventCountry "FRA"]
[Source "lmi"]
[SourceDate "2005.07.31"]

1. d4 d5 2. c4 e6 3. Nc3 c5 4. cxd5 cxd4 5. Qxd4 Nc6 6. Qd1 exd5 7. Qxd5 Bd7 8.
Nf3 Nf6 9. Qb3 Bc5 10. Bg5 h6 11. Bh4 Bb4 12. a3 Ba5 13. Qc2 g5 14. Bg3 g4 15.
Ne5 Nd4 16. Qd1 Bf5 17. Rc1 Rc8 18. b4 Bb6 19. e3 Nd5 20. Bc4 Nxc3 21. Rxc3 Ne6
22. Bb5+ Ke7 23. Bh4+ f6 24. Nd7 Ng5 25. Rxc8 Qxc8 26. Nxb6 Qc3+ 27. Qd2 Qa1+
28. Ke2 Qxh1 29. Nd5+ Kf7 30. Bxg5 Rc8 31. Bd3 Bxd3+ 32. Qxd3 hxg5 33. Qf5 Rc6
34. Qd7+ Kg6 35. Ne7+ Kh6 36. Qf5 Kg7 37. Qg6+ Kf8 38. Nxc6 bxc6 39. Qxf6+ Kg8
40. Qxg5+ Kh7 41. Qh4+ Kg8 42. Qxg4+ Kf8 43. Qf5+ Ke7 44. Qe5+ Kf8 45. Qf5+ Ke7
46. Qe5+ Kd7 1-0

[Event "Mundial Juvenil femenino 2005 s14"]
[Site "Belfort FRA"]
[Date "2005.07.29"]
[Round "10.16"]
[White "Krasnodebska, Magdalena"]
[Black "Wang, Qinke"]
[Result "1-0"]
[WhiteElo "1963"]
[BlackElo "1599"]
[PlyCount "115"]
[EventDate "2005.07.19"]
[EventType "swiss"]
[EventRounds "11"]
[EventCountry "FRA"]
[Source "lmi"]
[SourceDate "2005.07.31"]

1. e4 c5 2. Nf3 d6 3. Bb5+ Bd7 4. Bxd7+ Qxd7 5. O-O Nc6 6. d4 cxd4 7. Nxd4 Nf6
8. Re1 g6 9. c4 Bg7 10. Nc3 O-O 11. Be3 Ng4 12. Nc2 Nge5 13. Qe2 Na5 14. Bd4
Nac6 15. Bxe5 Nxe5 16. Ne3 Rac8 17. f4 Nc6 18. Rad1 Bxc3 19. bxc3 f6 20. c5 Na5
21. cxd6 exd6 22. Qd3 Qf7 23. Qd5 Nc4 24. Qxf7+ Rxf7 25. Nd5 Kg7 26. Kf2 Rc5
27. g4 b5 28. Kg3 Nb2 29. Rd4 Na4 30. Re3 Rd7 31. h4 h5 32. gxh5 gxh5 33. f5
Rd8 34. Kf4 Rf8 35. Rg3+ Kh7 36. Rg6 Nxc3 37. Nxc3 Rxc3 38. Rxd6 Ra3 39. Rd7+
Kh8 40. Rh6+ Kg8 41. Rxh5 Rxa2 42. Rhh7 Ra8 43. h5 b4 44. h6 Rg2 45. Kf3 Rg5
46. Rxa7 Rxa7 47. Rxa7 Rh5 48. Rb7 Rh3+ 49. Kg4 Rb3 50. h7+ Kh8 51. Kh5 Rh3+
52. Kg6 Rg3+ 53. Kxf6 b3 54. e5 Rh3 55. e6 Rh6+ 56. Kg5 Rxh7 57. Rb8+ Kg7 58.
f6# 1-0

[Event "Mundial Juvenil femenino 2005 s14"]
[Site "Belfort FRA"]
[Date "2005.07.29"]
[Round "10.17"]
[White "Mc Vay, Karsten"]
[Black "Agrest, Inna"]
[Result "1-0"]
[WhiteElo "1599"]
[BlackElo "1984"]
[PlyCount "111"]
[EventDate "2005.07.19"]
[EventType "swiss"]
[EventRounds "11"]
[EventCountry "FRA"]
[Source "lmi"]
[SourceDate "2005.07.31"]

1. d4 Nf6 2. c4 g6 3. Nc3 Bg7 4. e4 d6 5. Bd3 O-O 6. Nge2 Nbd7 7. O-O e5 8. d5
Ne8 9. Kh1 f5 10. exf5 gxf5 11. f4 e4 12. Bc2 Nef6 13. Qe1 Ng4 14. h3 Nh6 15.
Be3 Nf6 16. Nd4 a6 17. b4 Qe8 18. Rc1 Kh8 19. c5 Bd7 20. Bb3 Nh5 21. Nce2 Rf6
22. cxd6 cxd6 23. Ne6 Rxe6 24. dxe6 Bb5 25. Kh2 Nf6 26. Kg1 d5 27. Nd4 Bxf1 28.
Qxf1 Nhg4 29. Qe2 Nxe3 30. Qxe3 Ng8 31. Nxf5 Qxe6 32. Nxg7 Kxg7 33. Rc7+ Kh8
34. Qd4+ Qf6 35. Qxd5 Re8 36. Qh5 Qb6+ 37. Qc5 Qf6 38. Rf7 Qa1+ 39. Kh2 e3 40.
Rxh7+ Kxh7 41. Qh5+ Nh6 42. Bc2+ Kg7 43. Qxe8 Qf6 44. Qxe3 Nf7 45. Bb3 b5 46.
Bxf7 Kxf7 47. Qe5 Qc6 48. f5 Qc1 49. f6 Qd2 50. Qe7+ Kg6 51. Qg7+ Kf5 52. f7
Qd6+ 53. Qg3 Qf8 54. Qg4+ Kf6 55. Qf4+ Ke6 56. g4 1-0

[Event "Mundial Juvenil femenino 2005 s14"]
[Site "Belfort FRA"]
[Date "2005.07.29"]
[Round "10.18"]
[White "Heinatz, Maria"]
[Black "Moernaut, Evelien"]
[Result "1/2-1/2"]
[WhiteElo "1940"]
[BlackElo "1935"]
[PlyCount "49"]
[EventDate "2005.07.19"]
[EventType "swiss"]
[EventRounds "11"]
[EventCountry "FRA"]
[Source "lmi"]
[SourceDate "2005.07.31"]

1. e4 e6 2. d4 d5 3. Nc3 Nf6 4. e5 Nfd7 5. f4 c5 6. Nf3 a6 7. Be3 Qb6 8. Na4
Qa5+ 9. c3 cxd4 10. Bxd4 Nc6 11. b4 Qc7 12. a3 Nxd4 13. cxd4 f6 14. Be2 Be7 15.
O-O O-O 16. Qd3 Nb6 17. Nxb6 Qxb6 18. Rfc1 Bd7 19. Rc3 Bb5 20. Qd2 Bxe2 21.
Qxe2 fxe5 22. fxe5 a5 23. b5 Rfc8 24. Rxc8+ Rxc8 25. Qd3 1/2-1/2

[Event "Mundial Juvenil femenino 2005 s14"]
[Site "Belfort FRA"]
[Date "2005.07.29"]
[Round "10.19"]
[White "Deur, Zrinka"]
[Black "Uuganbayar, Khamsuren"]
[Result "1/2-1/2"]
[WhiteElo "1918"]
[BlackElo "1599"]
[PlyCount "91"]
[EventDate "2005.07.19"]
[EventType "swiss"]
[EventRounds "11"]
[EventCountry "FRA"]
[Source "lmi"]
[SourceDate "2005.07.31"]

1. e4 e6 2. d4 d5 3. Nc3 Bb4 4. e5 c5 5. a3 Bxc3+ 6. bxc3 Ne7 7. Qg4 Qc7 8.
Qxg7 Rg8 9. Qxh7 cxd4 10. Ne2 Nbc6 11. f4 Bd7 12. Qd3 dxc3 13. Nxc3 a6 14. h3
Rc8 15. Bd2 Na5 16. Qf3 Nf5 17. g4 Nd4 18. Qd3 Qc5 19. Bg2 Nc4 20. a4 Rg6 21.
Ra2 Nc6 22. Nxd5 exd5 23. Qxd5 Qxd5 24. Bxd5 Nxd2 25. Rb2 Na5 26. Kxd2 Nc4+ 27.
Bxc4 Rxc4 28. f5 Rg7 29. Rxb7 Bxa4 30. e6 Rxc2+ 31. Kd3 Rc8 32. Re1 Kf8 33.
exf7 Rxf7 34. Rxf7+ Kxf7 35. Ra1 Bb5+ 36. Kd4 Rh8 37. Ra3 Kf6 38. Ke4 Kg5 39.
Ke5 Re8+ 40. Kd6 Rd8+ 41. Ke7 Rd3 42. Rxd3 Bxd3 43. Kd6 Bf1 44. h4+ Kxg4 45. f6
Bc4 46. Kc5 1/2-1/2

[Event "Mundial Juvenil femenino 2005 s14"]
[Site "Belfort FRA"]
[Date "2005.07.29"]
[Round "10.20"]
[White "Vince, Viola"]
[Black "Maroroa, Sue Yuchan"]
[Result "1-0"]
[WhiteElo "1816"]
[BlackElo "1599"]
[PlyCount "36"]
[EventDate "2005.07.19"]
[EventType "swiss"]
[EventRounds "11"]
[EventCountry "FRA"]
[Source "lmi"]
[SourceDate "2005.07.31"]

1. d4 d5 2. c4 dxc4 3. e4 e5 4. Nf3 Bg4 5. Bxc4 Bxf3 6. Qxf3 Qf6 7. Qb3 b6 8.
dxe5 Qg6 9. O-O Nd7 10. Nc3 Nxe5 11. Qb5+ Nd7 12. Bd5 Rb8 13. Bf4 Bd6 14. e5
Bc5 15. e6 fxe6 16. Rfe1 Ne7 17. Bxe6 c6 18. Qa4 Nf8 1-0

[Event "Mundial Juvenil femenino 2005 s14"]
[Site "Belfort FRA"]
[Date "2005.07.30"]
[Round "11.1"]
[White "Guadamuro Torrente, Ana Isabel"]
[Black "Tairova, Elena"]
[Result "1/2-1/2"]
[WhiteElo "2084"]
[BlackElo "2232"]
[PlyCount "114"]
[EventDate "2005.07.19"]
[EventType "swiss"]
[EventRounds "11"]
[EventCountry "FRA"]
[Source "lmi"]
[SourceDate "2005.07.31"]

1. e4 e6 2. Nf3 d5 3. Nc3 Nf6 4. e5 Nfd7 5. d4 c5 6. dxc5 Nc6 7. Bf4 Bxc5 8.
Bd3 f6 9. exf6 Qxf6 10. Bg3 Nde5 11. Nxe5 Nxe5 12. Qh5+ Ng6 13. Bb5+ Kf7 14.
O-O Bd4 15. Rad1 Rd8 16. Bc7 Rf8 17. Nxd5 exd5 18. Qxd5+ Be6 19. Qxd4 Qxd4 20.
Rxd4 Rfc8 21. Bd6 Rxc2 22. Ba3 Rc7 23. Rfd1 a6 24. Be2 Bxa2 25. Rd7+ Rxd7 26.
Rxd7+ Kg8 27. Rxb7 Re8 28. Kf1 Bd5 29. Rb4 Bxg2+ 30. Kxg2 Rxe2 31. Rb6 a5 32.
Rb5 Re5 33. Rb7 Nf4+ 34. Kg3 Ne2+ 35. Kf3 Nd4+ 36. Kf4 Re8 37. b3 Ne6+ 38. Kg3
Rc8 39. Bb2 Rc6 40. f4 g6 41. Kg4 h5+ 42. Kg3 Nc5 43. Rb8+ Kf7 44. Kf3 Ra6 45.
Ba3 Nd7 46. Rb7 Ke6 47. Ke4 Nf6+ 48. Kd4 Nd5 49. Ke4 Nf6+ 50. Kf3 Nd5 51. Rg7
Kf5 52. Rd7 Ke6 53. Rg7 Kf5 54. Rd7 Ke6 55. Rg7 Kf5 56. Rd7 h4 57. Bc1 Ra8
1/2-1/2